| 000 | 00831cam a2200277 i 4500 | ||
|---|---|---|---|
| 001 | 17917782 | ||
| 005 | 20180824064546.0 | ||
| 008 | 131023s2015 maua b 001 0 eng | ||
| 010 | _a 2013041307 | ||
| 020 | _a9780133488906 | ||
| 020 | _a013348890X | ||
| 035 | _a(DNLM)101618621 | ||
| 040 |
_aDNLM/DLC _cDLC _erda _dDLC |
||
| 041 | _aeng | ||
| 042 | _apcc | ||
| 060 | 1 | 0 | _aWM 430.5.F2 |
| 080 | _a616.89156 | ||
| 082 | 0 | 0 |
_a616.89156 _223 |
| 100 | 1 | _a2., | |
| 101 | _aSHM | ||
| 245 | 1 | 0 |
_aFamily therapy : _cSamuel T. Gladding, Wake Forest University . |
| 504 | _aIncludes bibliographical references (pages 433-481) and indexes. | ||
| 906 |
_a7 _bcbc _corignew _d1 _eecip _f20 _gy-gencatlg |
||
| 942 |
_2ddc _cBK |
||
| 999 |
_c47315 _d47315 |
||